KOHA-Header-6

World Famous Personalities (Record no. 10812)

000 -LEADER
fixed length control field 00269nam a2200109Ia 4500
100 ## - MAIN ENTRY--AUTHOR NAME
Personal name Roopa Gosain
245 #0 - TITLE STATEMENT
Title World Famous Personalities
260 ## - PUBLICATION, DISTRIBUTION, ETC. (IMPRINT)
Place of publication Karachi
Name of publisher Meyari Matbooaat
Year of publication 1994
300 ## - PHYSICAL DESCRIPTION
Number of Pages 484
942 ## - ADDED ENTRY ELEMENTS (KOHA)
Koha item type Books

No items available.

Powered by Koha